<?xml version="1.0" encoding="UTF-8"?><?xml-stylesheet type="text/xsl" href="static/style.xsl"?><OAI-PMH xmlns="http://www.openarchives.org/OAI/2.0/" xmlns:xsi="http://www.w3.org/2001/XMLSchema-instance" xsi:schemaLocation="http://www.openarchives.org/OAI/2.0/ http://www.openarchives.org/OAI/2.0/OAI-PMH.xsd"><responseDate>2026-04-17T18:53:11Z</responseDate><request verb="GetRecord" identifier="oai:www.recercat.cat:20.500.12327/4936" metadataPrefix="marc">https://recercat.cat/oai/request</request><GetRecord><record><header><identifier>oai:recercat.cat:20.500.12327/4936</identifier><datestamp>2026-02-24T00:33:51Z</datestamp><setSpec>com_2072_4428</setSpec><setSpec>com_2072_4427</setSpec><setSpec>col_2072_487898</setSpec></header><metadata><record xmlns="http://www.loc.gov/MARC21/slim" xmlns:dcterms="http://purl.org/dc/terms/" xmlns:xsi="http://www.w3.org/2001/XMLSchema-instance" xmlns:doc="http://www.lyncode.com/xoai" xsi:schemaLocation="http://www.loc.gov/MARC21/slim http://www.loc.gov/standards/marcxml/schema/MARC21slim.xsd">
   <leader>00925njm 22002777a 4500</leader>
   <datafield ind2=" " ind1=" " tag="042">
      <subfield code="a">dc</subfield>
   </datafield>
   <datafield ind2=" " ind1=" " tag="720">
      <subfield code="a">Mera-Loor, Geormery Belén</subfield>
      <subfield code="e">author</subfield>
   </datafield>
   <datafield ind2=" " ind1=" " tag="720">
      <subfield code="a">Santana-Piñeros, Ana María</subfield>
      <subfield code="e">author</subfield>
   </datafield>
   <datafield ind2=" " ind1=" " tag="720">
      <subfield code="a">Cruz-Quintana, Yanis</subfield>
      <subfield code="e">author</subfield>
   </datafield>
   <datafield ind2=" " ind1=" " tag="720">
      <subfield code="a">Alcívar-Mendoza, Limber José</subfield>
      <subfield code="e">author</subfield>
   </datafield>
   <datafield ind2=" " ind1=" " tag="720">
      <subfield code="a">Valles-Vega, Isabel</subfield>
      <subfield code="e">author</subfield>
   </datafield>
   <datafield ind2=" " ind1=" " tag="720">
      <subfield code="a">Caña-Bozada, Víctor Hugo</subfield>
      <subfield code="e">author</subfield>
   </datafield>
   <datafield ind2=" " ind1=" " tag="260">
      <subfield code="c">2025-11-06</subfield>
   </datafield>
   <datafield ind2=" " ind1=" " tag="520">
      <subfield code="a">Cestode infestations in cultured fish have resulted in significant economic problems associated with international trade. Pharmacological treatments containing albendazole (ABZ) represent a promising alternative for controlling these infestations. This study evaluated the in vitro efficacy of ABZ against the metacestode Parvitaenia cochlearii, a parasite of the Pacific fat sleeper (Dormitator latifrons), by exposing the parasites to different concentrations (200, 600, 800, and 1000 mg/L). The median lethal concentration (LC50) was determined at 10 and 15 min of exposure. Results showed that ABZ was 100% effective in killing P. cochlearii, achieving complete mortality at 15 min with a concentration of 600 mg/L, and at 30 min with 200 mg/L. The LC50 value decreased over time, with 618.91 mg/L at 10 min and 260.32 mg/L at 15 min, indicating a cumulative effect of ABZ on metacestode tissues. In conclusion, ABZ is an effective treatment against cestode infestations, and further evaluation under experimental and commercial scales is recommended to establish control protocols in aquaculture systems.</subfield>
   </datafield>
   <datafield ind1="8" ind2=" " tag="024">
      <subfield code="a">Mera‐Loor, Geormery Belén, Ana María Santana‐Piñeros, Yanis Cruz‐Quintana, Limber José Alcívar‐Mendoza, Isabel Valles‐Vega, and Víctor Hugo Caña‐Bozada. 2025. “In Vitro Efficacy of Albendazole Against the Metacestode  Parvitaenia Cochlearii  (Cestoda), a Parasite of the Pacific Fat Sleeper (Dormitator Latifrons).” Journal of Fish Diseases, e70077. https://doi.org/10.1111/jfd.70077.</subfield>
   </datafield>
   <datafield ind1="8" ind2=" " tag="024">
      <subfield code="a">0140-7775</subfield>
   </datafield>
   <datafield ind1="8" ind2=" " tag="024">
      <subfield code="a">https://hdl.handle.net/20.500.12327/4936</subfield>
   </datafield>
   <datafield ind1="8" ind2=" " tag="024">
      <subfield code="a">https://doi.org/10.1111/jfd.70077</subfield>
   </datafield>
   <datafield ind2="0" ind1="0" tag="245">
      <subfield code="a">In Vitro Efficacy of Albendazole Against the Metacestode Parvitaenia cochlearii (Cestoda), a Parasite of the Pacific Fat Sleeper (Dormitator latifrons)</subfield>
   </datafield>
</record></metadata></record></GetRecord></OAI-PMH>